[Event "WLS-chB 68th"]
[Site "Cardiff"]
[Date "2024.04.01"]
[Round "6"]
[White "Prabhu, Vismith"]
[Black "Archibald, Mckenzie"]
[Result "1/2-1/2"]
[WhiteElo "1590"]
[BlackElo "1683"]
[PlyCount "23"]
[EventDate "2024.03.29"]
[EventType "swiss"]
[EventRounds "7"]
[EventCountry "WLS"]
[SourceTitle "CB14_2024"]
[SourceDate "2024.04.01"]
[SourceVersion "1"]
[SourceVersionDate "2024.04.01"]
[SourceQuality "1"]

1. d4 d5 2. c4 c6 3. Nf3 Nf6 4. Nc3 a6 5. cxd5 cxd5 6. Bg5 e6 7. e3 Be7 8. Bd3 Nbd7 9. 0-0 0-0 10. h3 b5 11. Rc1 Nb6 12. Ne5 1/2-1/2

[Event "WLS-chB 68th"]
[Site "Cardiff"]
[Date "2024.03.30"]
[Round "4"]
[White "Prabhu, Vismith"]
[Black "Mcgrath, Ethan"]
[Result "0-1"]
[WhiteElo "1590"]
[BlackElo "1738"]
[PlyCount "88"]
[EventDate "2024.03.29"]
[EventType "swiss"]
[EventRounds "7"]
[EventCountry "WLS"]
[SourceTitle "CB14_2024"]
[SourceDate "2024.04.01"]
[SourceVersion "1"]
[SourceVersionDate "2024.04.01"]
[SourceQuality "1"]

1. d4 Nf6 2. c4 e6 3. Nc3 Bb4 4. Qc2 d5 5. cxd5 Nxd5 6. e4 Nf6 7. Nf3 Nc6 8. e5 Nd5 9. Bd3 Nxc3 10. bxc3 Ba5 11. 0-0 Bd7 12. Rb1 h6 13. Bd2 Ne7 14. c4 Bxd2 15. Qxd2 Bc6 16. Be2 Nf5 17. Rbd1 Qd7 18. d5 Ba4 19. Rb1 Rb8 20. Bd3 exd5 21. cxd5 0-0 22. Qa5 b6 23. Bxf5 bxa5 24. Bxd7 Bxd7 25. Rbc1 Rfc8 26. Rc5 a4 27. h3 Rb5 28. Rfc1 Rxc5 29. Rxc5 c6 30. Nd4 cxd5 31. Rxd5 Be8 32. Ra5 Rc1+ 33. Kh2 Ra1 34. Rxa7 Rxa2 35. Kg3 Rd2 36. Nf5 Rd3+ 37. f3 a3 38. Ra8 Kh7 39. Rxe8 Rd5 40. Nd6 Ra5 41. Rb8 a2 42. Nxf7 a1Q 43. e6 Qe1+ 44. Kh2 Qxe6 0-1

[Event "WLS-chT U1850"]
[Site "Wales"]
[Date "2023.05.07"]
[Round "4"]
[White "Prabhu, Vismith"]
[Black "Zografos, Lefteris"]
[Result "0-1"]
[WhiteElo "1258"]
[BlackElo "1750"]
[PlyCount "98"]
[EventDate "2023.02.19"]
[EventType "team-tourn"]
[EventRounds "5"]
[EventCountry "WLS"]
[SourceTitle "EXT 2024"]
[Source "ChessBase"]
[SourceDate "2023.10.10"]
[SourceVersion "1"]
[SourceVersionDate "2023.10.10"]
[SourceQuality "1"]
[WhiteTeam "White Knights II"]
[BlackTeam "Panthers and Friends"]
[WhiteTeamCountry "WLS"]
[BlackTeamCountry "WLS"]

1. d4 d5 2. c4 e5 3. dxe5 d4 4. Nf3 Nc6 5. g3 Nge7 6. Bg2 Ng6 7. 0-0 Ngxe5 8. Nxe5 Nxe5 9. b3 Bc5 10. Bb2 Nc6 11. Nd2 Bf5 12. Nf3 Qd7 13. a3 a5 14. Qd2 0-0 15. Rfd1 Rad8 16. Nh4 Bg4 17. Kh1 b6 18. f3 Bh3 19. Qe1 g5 20. Bxh3 Qxh3 21. Ng2 Rd6 22. Bc1 Rh6 23. Qg1 f6 24. e4 Ne5 25. Ne1 Rd8 26. Qg2 Qh5 27. Be3 Qe8 28. Bg1 Qe7 29. a4 Nc6 30. Nd3 Nb4 31. f4 Rg6 32. f5 Rg7 33. Nxb4 Bxb4 34. Rxd4 Rxd4 35. Bxd4 c5 36. Bf2 Qe5 37. Rd1 Re7 38. Be1 Bxe1 39. Rxe1 Qc3 40. Rb1 Qd3 41. Re1 Qxb3 42. e5 fxe5 43. Qd5+ Kf8 44. Rxe5 Qb1+ 45. Kg2 Qb2+ 46. Kh3 Qxe5 47. Qd8+ Kf7 48. Qxb6 Qxf5+ 49. Kg2 Re2+ 0-1

[Event "Cardiff Welsh op"]
[Site "Cardiff"]
[Date "2023.04.10"]
[Round "7"]
[White "Prabhu, Vismith"]
[Black "Jakubiak, Krzysztof"]
[Result "0-1"]
[WhiteElo "1349"]
[BlackElo "1585"]
[PlyCount "76"]
[EventDate "2023.04.07"]
[EventType "swiss"]
[EventRounds "7"]
[EventCountry "WLS"]
[SourceTitle "EXT 2024"]
[Source "ChessBase"]
[SourceDate "2023.10.10"]
[SourceVersion "1"]
[SourceVersionDate "2023.10.10"]
[SourceQuality "1"]

1. d4 Nf6 2. c4 e6 3. Nf3 Bb4+ 4. Bd2 Qe7 5. a3 Bxd2+ 6. Nbxd2 d6 7. g3 Nbd7 8. Bg2 e5 9. 0-0 0-0 10. Re1 e4 11. Nh4 e3 12. Nf5 exf2+ 13. Kxf2 Ng4+ 14. Kg1 Qd8 15. e4 Ngf6 16. Qc2 Nb6 17. Ne3 c6 18. Re2 d5 19. c5 Nc4 20. Nexc4 dxc4 21. Qxc4 Be6 22. Qc3 Qd7 23. Nc4 Bxc4 24. Qxc4 Rad8 25. Rd1 Qg4 26. Rde1 Rd7 27. Qd3 Rfd8 28. d5 cxd5 29. exd5 Kf8 30. d6 b6 31. Bc6 bxc5 32. Bxd7 Qxd7 33. Re7 Qxd6 34. Re8+ Nxe8 35. Rxe8+ Kxe8 36. Qxh7 Qd1+ 37. Kg2 Qe2+ 38. Kh3 Qe6+ 0-1

[Event "Cardiff Welsh op"]
[Site "Cardiff"]
[Date "2023.04.09"]
[Round "5"]
[White "Prabhu, Vismith"]
[Black "Greco, Joseph"]
[Result "1/2-1/2"]
[WhiteElo "1349"]
[BlackElo "1730"]
[PlyCount "125"]
[EventDate "2023.04.07"]
[EventType "swiss"]
[EventRounds "7"]
[EventCountry "WLS"]
[SourceTitle "EXT 2024"]
[Source "ChessBase"]
[SourceDate "2023.10.10"]
[SourceVersion "1"]
[SourceVersionDate "2023.10.10"]
[SourceQuality "1"]

1. d4 g6 2. c4 Bg7 3. Nf3 c6 4. Nc3 d5 5. e4 dxe4 6. Nxe4 Bg4 7. Be3 Nd7 8. Be2 Ngf6 9. Nxf6+ Bxf6 10. h3 Bxf3 11. Bxf3 0-0 12. 0-0 Nb6 13. Qd3 Qc7 14. Rad1 Rad8 15. Qc2 Rd7 16. Rd3 Rfd8 17. Rfd1 e6 18. b3 Nc8 19. R1d2 Ne7 20. Be4 Bg7 21. g3 h5 22. h4 Qa5 23. Qb1 Nf5 24. Bxf5 Qxf5 25. Qd1 b6 26. Kg2 Bf8 27. Qf3 Qxf3+ 28. Kxf3 f5 29. Bg5 Re8 30. Bf6 Kf7 31. Be5 Red8 32. a4 a6 33. Ke2 Be7 34. Kd1 Bb4 35. Re2 Bd6 36. Bxd6 Rxd6 37. Red2 e5 38. Kc2 e4 39. Re3 Rxd4 40. Rxd4 Rxd4 41. Kc3 c5 42. b4 Kf6 43. a5 b5 44. cxb5 Rxb4 45. b6 g5 46. hxg5+ Kxg5 47. Re2 e3 48. f4+ Kg4 49. Rxe3 Rb5 50. Kc4 Rxa5 51. Rb3 Ra4+ 52. Kxc5 Re4 53. b7 Re8 54. b8Q Rxb8 55. Rxb8 Kxg3 56. Ra8 Kxf4 57. Rxa6 h4 58. Ra3 Kg4 59. Kd4 h3 60. Ke3 h2 61. Ra1 Kg3 62. Rh1 f4+ 63. Ke2 1/2-1/2

[Event "WLS-chT U1850"]
[Site "Wales"]
[Date "2023.03.12"]
[Round "2.3"]
[White "Wagner, Guy"]
[Black "Prabhu, Vismith"]
[Result "1-0"]
[WhiteElo "1650"]
[BlackElo "1258"]
[PlyCount "85"]
[EventDate "2023.02.19"]
[EventType "team-tourn"]
[EventRounds "5"]
[EventCountry "WLS"]
[SourceTitle "EXT 2024"]
[Source "ChessBase"]
[SourceDate "2023.10.10"]
[SourceVersion "1"]
[SourceVersionDate "2023.10.10"]
[SourceQuality "1"]
[WhiteTeam "Cardiff Tigers"]
[BlackTeam "White Knights II"]
[WhiteTeamCountry "WLS"]
[BlackTeamCountry "WLS"]

1. c4 Nf6 2. Nf3 g6 3. g3 Bg7 4. Bg2 0-0 5. 0-0 d6 6. Nc3 e5 7. d3 a6 8. Rb1 Nbd7 9. b4 Re8 10. Qc2 Rb8 11. b5 a5 12. Nd2 b6 13. Nb3 Nc5 14. Bg5 h6 15. Bd2 Be6 16. e4 Nfd7 17. Be3 f5 18. Nd5 Nf6 19. Nxc5 dxc5 20. Qe2 g5 21. f4 exf4 22. Nxf6+ Bxf6 23. gxf4 g4 24. e5 Bh4 25. Rbd1 Qe7 26. d4 Qf7 27. d5 Bc8 28. Bc1 g3 29. h3 Bf6 30. Bb2 Qe7 31. Qd3 Bg7 32. Rf3 Bb7 33. Rxg3 Kh8 34. Kh2 Rbd8 35. Rg1 Rg8 36. Bf3 c6 37. bxc6 Bxc6 38. Qc2 Bd7 39. e6 Bxb2 40. Qxb2+ Kh7 41. Rxg8 Rxg8 42. Rxg8 Kxg8 43. exd7 1-0